000 00409nam a2200181Ia 4500
008 210210b1940 xxu||||| |||| 00| 0 eng d
041 _aeng
082 _a331/146
100 _aMURANJAN
245 _aModern banking in India
260 _aBombay
_bNew Book Society of India
_c1940
650 _aModern
650 _aIndia
650 _ain
650 _abanking
690 _aBanking
906 _a004048
999 _c122482
_d122482